UM Logo

Promoting the 50 million strong agenda through sport education / (Record no. 22465)

MARC details
000 -LEADER
fixed length control field 01052nam a22002537a 4500
003 - CONTROL NUMBER IDENTIFIER
control field OSt
005 - DATE AND TIME OF LATEST TRANSACTION
control field 20250822132411.0
008 - FIXED-LENGTH DATA ELEMENTS--GENERAL INFORMATION
fixed length control field 241010b |||||||| |||| 00| 0 eng d
040 ## - CATALOGING SOURCE
Transcribing agency 0
082 ## - DEWEY DECIMAL CLASSIFICATION NUMBER
Classification number DPer 613.705 J826 January-December 2020 v. 91 n. 1-9
100 ## - MAIN ENTRY--PERSONAL NAME
Personal name Hastie, Peter.
Relator term author.
9 (RLIN) 62755
245 ## - TITLE STATEMENT
Title Promoting the 50 million strong agenda through sport education /
Statement of responsibility, etc. Peter Hastie, Korey Boyd, Jeffery Kurt Ward, and Andy Stringfellow.
260 ## - PUBLICATION, DISTRIBUTION, ETC. (IMPRINT)
Place of publication, distribution, etc. Virginia ;
Name of publisher, distributor, etc. American Alliance for Health ,
Date of publication, distribution, etc. October 2020.
300 ## - PHYSICAL DESCRIPTION
Extent Volume 91, pages 8-14 :
Other physical details illustration ;
Dimensions 28 cm.
500 ## - GENERAL NOTE
General note The Journal of Physical Education Recreation & Dance, vol. 91, no. 8, pages 8-14, October 2020.
650 #0 - SUBJECT ADDED ENTRY--TOPICAL TERM
Topical term or geographic name as entry element Physical education.
9 (RLIN) 50439
650 #0 - SUBJECT ADDED ENTRY--TOPICAL TERM
Topical term or geographic name as entry element Program effectiveness.
9 (RLIN) 64954
650 #0 - SUBJECT ADDED ENTRY--TOPICAL TERM
Topical term or geographic name as entry element Knowledge level.
9 (RLIN) 66404
700 ## - ADDED ENTRY--PERSONAL NAME
Personal name Hastie, Peter A.,
Dates associated with a name 1959-
Relator term author.
9 (RLIN) 45763
700 ## - ADDED ENTRY--PERSONAL NAME
Personal name Boyd, Korey.
Relator term author.
9 (RLIN) 66984
700 ## - ADDED ENTRY--PERSONAL NAME
Personal name Ward, Jeffery Kurt.
Relator term author.
9 (RLIN) 59722
700 ## - ADDED ENTRY--PERSONAL NAME
Personal name Stringfellow, Andy.
Relator term author.
9 (RLIN) 66986
942 ## - ADDED ENTRY ELEMENTS (KOHA)
Source of classification or shelving scheme Dewey Decimal Classification
Koha item type Periodicals
Holdings
Withdrawn status Lost status Source of classification or shelving scheme Damaged status Not for loan Collection code Home library Current library Date acquired Total Checkouts Full call number Date last seen Price effective from Koha item type Public note
    Dewey Decimal Classification     Periodicals UM Digos College - LIC UM Digos College - LIC 10/10/2024   DPer 613.705 J826 January-December 2020 v. 91 n. 1-9 10/10/2024 10/10/2024 Filipiniana Periodical Article